Statistiques concernant Pays qui battent l'Allemagne

Cliquez ici pour prendre le quiz!

Statistiques générales

  • Ce quiz a été pris 176 fois
  • Le résultat moyen est 15 sur 18

Statistiques - réponses

RangCatégoriePays% Correct
6Surface du territoire en EuropeRussie | Ukraine | France | Espagne | Suède
100%
5Le plus de frontièresChine | Russie | France | Brésil
100%
6Le plus proche du Royaume-UniIrlande | France | Belgique | Pays-Bas | Norvège
97%
7Les plus visités par les AméricainsMexique | Canada | Royaume-Uni | République dominicaine | France | Italie
95%
10Production de bière par habitantRépublique tchèque | Irlande | Belgique | Pays-Bas | Estonie | Namibie | Danemark | Lituanie | Autriche
95%
8Le plus au nord de l'Union européenneFinlande | Suède | Estonie | Lettonie | Danemark | Lituanie | Irlande
94%
4Plus longue frontière avec la PologneRépublique tchèque | Slovaquie | Ukraine
92%
2Le plus de victoires de la coupe du monde masculine de la FIFABrésil
90%
5Pourcentage le plus élevé de citoyens décédés pendant la 2eme guerre mondiale
* pays en 1939 seulement
Pologne | Union soviétique | Lituanie | Lettonie
84%
5Pays européen dont la capitale est la plus proche du début de l'alphabetPays-Bas | Andorre | Grèce | Serbie
80%
3Âge médian le plus ancienMonaco | Japon
78%
16Taux de fécondité le plus basSingapour | Taïwan | Corée du Sud | Bosnie-Herzégovine | Pologne | Roumanie | Slovénie | Andorre | Croatie | Slovaquie | Japon | Grèce | Serbie | Italie | Hongrie
76%
6Production automobile par habitantSlovaquie | République tchèque | Slovénie | Corée du Sud | Japon
75%
4La plupart des réfugiés syriens accueillisTurquie | Liban | Jordanie
74%
2La plupart des immigrantsEtats-Unis
74%
7Production de fromage par habitantNouvelle-Zélande | Danemark | République tchèque | Pays-Bas | Irlande | Islande
58%
4Drapeau avec le plus de noirLibye | Papouasie-Nouvelle-Guinée | Angola
49%
2Hôte des la plupart des troupes des États-Unis
* autres que les États-Unis
Japon
42%

Distribution des résultats

Percentile par nombre de réponses

% des personnes avec chaque résultat

Votre développement - résultats

Vous n’avez pas pris ce quiz